| 000 | 00772nam a2200253 a 4500 | ||
|---|---|---|---|
| 008 | |||
| 020 | _a0072462108 (hbk.) | ||
| 049 | _aMAIN | ||
| 090 |
_aRD97 _bPRE |
||
| 100 | 1 | _aPrentice, William E. | |
| 245 | 1 | 0 |
_aRehabilitation techniques for sports medicine and athletic training / _cWilliam E. Prentice. |
| 250 | _a4th ed. | ||
| 260 |
_aBoston : _bMcGraw-Hill, _c2004. |
||
| 300 |
_axiv, 706 p. : _bill. ; _c26cm. |
||
| 500 | _aIncludes index. | ||
| 504 | _aIncludes bibliographical references. | ||
| 650 |
_aSports injuries _xrehabilitation |
||
| 650 | 1 |
_aSports injuries _xpatients |
|
| 907 |
_a.b10257871 _b28-01-14 _c14-11-08 |
||
| 003 | |||
| 005 | 20230120204100.0 | ||
| 040 | _cNUST | ||
| 942 |
_cBOOKS _kRD97 _mPRE |
||
| 999 |
_c116788 _d116788 |
||